Engineering economy (Record no. 1549)

000 -LEADER
fixed length control field 00674nam a22002294a 4500
001 - CONTROL NUMBER
control field 1549
003 - CONTROL NUMBER IDENTIFIER
control field BD-DhUET
008 - FIXED-LENGTH DATA ELEMENTS--GENERAL INFORMATION
fixed length control field 000424s2001 njua b 001 0 eng
020 ## - INTERNATIONAL STANDARD BOOK NUMBER
International Standard Book Number 013028128X
040 ## - CATALOGING SOURCE
Original cataloging agency DLC
Transcribing agency DLC
Modifying agency BD-DhUET
082 00 - DEWEY DECIMAL CLASSIFICATION NUMBER
Classification number 620.02
Item number THU/2001
100 ## - MAIN ENTRY--PERSONAL NAME
Personal name Thuesen, G. J.
245 10 - TITLE STATEMENT
Title Engineering economy
Statement of responsibility, etc. by G.J. Thuesen and W.J. Fabrycky
250 ## - EDITION STATEMENT
Edition statement 9th ed.
260 ## - PUBLICATION, DISTRIBUTION, ETC. (IMPRINT)
Place of publication, distribution, etc. New Jersy
Name of publisher, distributor, etc. Prentice Hall
Date of publication, distribution, etc. 2001
300 ## - PHYSICAL DESCRIPTION
Extent xiv, 637 p.
Other physical details ill.
Dimensions 25 cm.
490 ## - SERIES STATEMENT
Series statement Prentice hall international series in industrial and sytems engineering
504 ## - BIBLIOGRAPHY, ETC. NOTE
Bibliography, etc Includes bibliographies
650 #0 - SUBJECT ADDED ENTRY--TOPICAL TERM
Topical term or geographic name as entry element Engineering economy
700 1# - ADDED ENTRY--PERSONAL NAME
Personal name Fabrycky, W. J.
942 ## - ADDED ENTRY ELEMENTS (KOHA)
Koha item type General Book
Holdings
Location (home branch) Koha item type Price effective from Copy number Date acquired Koha date last borrowed Piece designation (barcode) Lost status Koha date last seen Withdrawn status Sublocation or collection (holding branch) Not for loan Koha full call number Koha issues (times borrowed) Damaged status Shelving location Source of classification or shelving scheme Koha normalized classification for sorting
Central Library, BUETGeneral Book2014-09-0812014-09-08 102596 2014-09-08 Central Library, BUET 620.02/THU/2001  Circulation section 620_000000000000000_02THU2001
Central Library, BUETGeneral Book2014-09-0822014-09-08 102594 2014-09-08 Central Library, BUET 620.02/THU/2001  Circulation section 620_000000000000000_02THU2001
Central Library, BUETGeneral Book2014-09-0832014-09-082021-11-29102590 2021-12-20 Central Library, BUET 620.02/THU/20011 Circulation section 620_000000000000000_02THU2001
Central Library, BUETGeneral Book2014-09-0842014-09-08 102595 2014-09-08 Central Library, BUET 620.02/THU/2001  Circulation section 620_000000000000000_02THU2001
Central Library, BUETGeneral Book2014-09-0852014-09-08 102589 2014-09-08 Central Library, BUET 620.02/THU/2001  Circulation section 620_000000000000000_02THU2001
Central Library, BUETGeneral Book2014-09-0862014-09-08 102588 2014-09-08 Central Library, BUET 620.02/THU/2001  Circulation section 620_000000000000000_02THU2001
Central Library, BUETGeneral Book2014-09-0882014-09-082022-03-21102592 2022-04-16 Central Library, BUET 620.02/THU/20012 Circulation section 620_000000000000000_02THU2001
Central Library, BUETGeneral Book2014-09-0892014-09-08 102591 2014-09-08 Central Library, BUET 620.02/THU/2001  Circulation section 620_000000000000000_02THU2001
Central Library, BUETGeneral Book2014-09-15102014-09-15 102593 2014-09-15 Central Library, BUET 620.02/THU/2001  Circulation section 620_000000000000000_02THU2001
Central Library, BUETGeneral Book2014-09-27112014-09-272021-12-04101877 2021-12-20 Central Library, BUET 620.02/THU/20013 Circulation section 620_000000000000000_02THU2001
Central Library, BUETGeneral Book2014-10-19122014-10-19 112838 2014-10-19 Central Library, BUET 620.02/THU/2001  Circulation section 620_000000000000000_02THU2001
Central Library, BUETGeneral Book2014-11-23132014-11-23 101878 2014-11-23 Central Library, BUET 620.02/THU/2001  Circulation section 620_020000000000000_THU_2001